Gamestorming a playbook for innovators, rulebreakers, and changemakers (Registro nro. 41159)

Detalles MARC
000 -ENCABEZADO
Número de control [NR] 00961nam a2200253Ia 4500
008 - DE LONGITUD FIJA DE DATOS DE ELEMENTOS - INFORMACIÓN GENERAL
Elementos de longitud fija [NR] 130821s2010 xxua gr eng
020 ## - NUMERO INTERNACIONAL NORMALIZADO PARA LIBROS [R]
Número Internacional Normalizado del libro [NR] 9780596804176
040 ## - FUENTE DE CATALOGACION [NR]
Agencia de catalogación original [NR] Co-BoUCM
Idioma de catalogación [NR] spa
041 00 - CODIGO DE IDIOMA [R]
Código de idioma para texto/pista de sonido o título separado [R] Inglés
100 1# - ASIENTO PRINCIPAL--NOMBRE PERSONAL [NR]
Nombre personal [NR] Gray, Dave
ID Autoridad 160943
245 10 - MENCION DE TITULO [NR]
Título [NR] Gamestorming a playbook for innovators, rulebreakers, and changemakers
Mención de responsabilidad, etc. [NR] Dave gray, Sunni Brown y James Macanufo
246 #4 - FORMA VARIANTE DEL TITULO [R]
Título propiamente dicho/forma breve del título [NR] Game storming
Parte restante del título [NR] a playbook for innovators, rulebreakers, and changemakers
260 ## - PUBLICACION, DISTRIBUCION, ETC. (PIE DE IMPRENTA) [R]
Lugar de publicación, distribución, etc. [R] Sebastopol (California)
Nombre del editor, distribuidor, etc. [R] O'reilly
Fecha de publicación, distribución, etc. [R] 2010
300 ## - DESCRIPCION FISICA [R]
Extensión [R] xvii, 266 páginas
Otros detalles físicos [NR] ilustraciones, cuadros
500 ## - NOTA GENERAL [R]
Nota general [NR] Incluye índice.
650 04 - ASIENTO SECUNDARIO DE MATERIA - TERMINO TEMATICO [R]
Término temático o nombre geográfico como elemento de entrada [NR] Administración de empresas
9 (RLIN) 435
650 04 - ASIENTO SECUNDARIO DE MATERIA - TERMINO TEMATICO [R]
Término temático o nombre geográfico como elemento de entrada [NR] Aptitud creadora en los negocios
9 (RLIN) 9275
650 04 - ASIENTO SECUNDARIO DE MATERIA - TERMINO TEMATICO [R]
Término temático o nombre geográfico como elemento de entrada [NR] Juegos administrativos
9 (RLIN) 18121
650 04 - ASIENTO SECUNDARIO DE MATERIA - TERMINO TEMATICO [R]
Término temático o nombre geográfico como elemento de entrada [NR] Toma de decisiones
9 (RLIN) 25505
700 1# - ASIENTO SECUNDARIO - NOMBRE PERSONAL [R]
Nombre personal [NR] Brown, Sunni
9 (RLIN) 160944
700 1# - ASIENTO SECUNDARIO - NOMBRE PERSONAL [R]
Nombre personal [NR] Macanufo, James
9 (RLIN) 160945
942 ## - ELEMENTOS DE ENTRADA AGREGADOS (KOHA)
Tipo de ítem principal el descrito en 300a Libro
Tema principal Administración
Edición 1
Parte restante de la signatura top. G791g
Sistema de clasificación DEWEY
Clasificación 658.4063
Existencias
Fecha de último préstamo Total préstamos Total Renewals Signatura topográfica Código de barras Última vez visto Ejemplar Price effective from Tipo de ítem Perdido Sistema de clasificación Dañado No prestable Tipo de ítem específico Suprimido Ubicación habitual Ubicación actual Localización Fecha de creación Forma de adquisición Costo
07/10/2021 11 8 658.4063 G791g 100129710 04/12/2025 Ej.1 03/02/2013 Libro   DEWEY     Libro   Claustro Claustro 4to piso 28/02/2013 Compra 30800.00